Delhi - quiz wielokrotnego wyboru - Statystyki

Ogólne statystyki
  • Ten quiz został rozwiązany 486 razy
  • Średni wynik to 6 z 10
Statystyki odpowiedzi
Zagadnienie Odpowiedź % Poprawnych
Jaki język jest najczęściej używany w Delhi? Hindi
89%
Delhi jest często uznawane za stolicę państwa z ... Najgorszym zanieczyszczeniem powietrza
88%
Gdzie w Indiach znajduje się Delhi?
84%
Na cześć kogo nazwano międzynarodowe lotnisko w Delhi? Indiry Gandhi
72%
W którym stanie znajduje się Delhi? Żadnego, to terytorium stołeczne
68%
Które imperium ustanowiło Delhi swoją stolicą? Imperium Wielkich Mogołów
44%
Jak nazywała się dawna rezydencja cesarska w Delhi? Czerwony Fort
40%
Które z tych zabytków można znaleźć w Nowym Delhi? Brama Indii
36%
Jaka rzeka przepływa obok Delhi? Jamuna
16%
Co można zobaczyć na Paradzie z okazji Dnia Republiki? Akrobacje motocyklowe
15%
Nie znaleziono quizów pasujących do podanych kryteriów
Rozkład punktacji
Procent ludzi z każdym wynikiem
Percentyl według liczby udzielonych odpowiedzi
Twoja historia wyników
Nie rozwiązałeś tego quizu